Fundamentos de lógica y metodología de las ciencias /
Guardado en:
| Autor Principal: | |
|---|---|
| Formato: | Libro |
| Publicado: |
Buenos Aires :
Kapelusz,
1993
|
| Materias: | |
| Etiquetas: |
Agregar Etiqueta
Sin Etiquetas, Sea el primero en etiquetar este registro!
|
| LEADER | 00826nam a22002295a 4500 | ||
|---|---|---|---|
| 001 | CEM.cems009718 | ||
| 005 | 20080721111809.0 | ||
| 008 | 130507s1993##################000#0#####d | ||
| 003 | CEMS | ||
| 020 | |a 9501327531 | ||
| 082 | 0 | 4 | |a 160 |
| 100 | 1 | |a Obiols, Guillermo A. | |
| 245 | 1 | 0 | |a Fundamentos de lógica y metodología de las ciencias / |c Guillermo A. Obiols |
| 260 | |a Buenos Aires : |b Kapelusz, |c 1993 | ||
| 300 | |a 113 p. | ||
| 505 | 0 | |a El lenguaje: nociones de semiótica -- Elementos de lógica: términos, proposiciones y razonamientos -- Lógica proposicional -- Lógica de predicados -- Metodología de las ciencias | |
| 653 | |a Ciencias-metodología | ||
| 653 | |a Filosofía | ||
| 653 | |a Lógica | ||
| 653 | |a Método científico | ||
| 653 | |a Semiótica | ||
| 859 | |a CEMS |b BIB. CEMS - 11 de abril |h 160 |i Ob3-2 |p 20000.98 |t Ej.1 | ||
